• 首页
  • 本馆介绍
  • 公告通知
  • 最新文献
  • 馆藏检索
  • 电子资源
  • 读者导购
  • 参考咨询
  • 我的图书馆
  • 登录
  • 详细信息显示
  • 放入我的书架
  • 预约/预借图书
  • 作者相关作品
  • 分类相关作品
  • 丛书相关作品
  • 出版社相关作品

书目信息

  • 表格格式
  • 工作单格式
  • 卡片格式
题名:
人民手册
    
 
作者: ;大公报社人民手册编辑组 编
分册: 1958  
出版信息:   大公报社  1980.10
页数: 656页
开本: 26cm
丛书名:
单 册:
中图分类: D62
科图分类:
主题词: 政治--中国
电子资源:
ISBN:
000 00605nam0 2200193 45
001 0306251011
005 20220908092439.92
010    @dCNY3.00@b精装
091    @a3132.014
100    @a20030625d1980 km y0chiy0120 ea
101 0  @achi
200 1  @a人民手册@ARen Min Shou Ce@h1958@f大公报社人民手册编辑组编@Fda gong bao she ren min shou ce bian ji zu bian
210    @c大公报社@d1980.10
215    @a656页@d26cm
606 0  @a政治@x中国
690    @aD62@v3
711 02 @a大公报社人民手册编辑组@Ada gong bao she ren min shou ce bian ji zu@4编
801    @aCN@bTSTC@c20060808
905    @f1@b36550@dD62@e119(1958)
    
    人民手册.1958/大公报社人民手册编辑组编.-大公报社,1980.10
    656页;26cm
    
    
    ISBN (精装):CNY3.00
    
●
相关链接 在E读中查询图书 在五车中查询图书 在当当中查询图书 在豆瓣中查询图书


正题名:人民手册     索取号:D62/119(1958)         预约/预借

序号 登录号 条形码 馆藏地/架位号 状态 备注
1 0447242   204472427   密集书库/ [索取号:D62/119(1958)] 在馆    
唐山师范学院图书馆 欢迎您!
大连网信软件有限公司© 版权所有